| 000 | 00772nam a2200217 a 4500 | ||
|---|---|---|---|
| 005 | 20221004063853.0 | ||
| 008 | 020827s1988 mx r 000 0 spa d | ||
| 020 | _a9688603740 | ||
| 035 | _aUPN01000118638 | ||
| 049 | _aCG | ||
| 050 | 4 |
_aRC523 _bP6.38 |
|
| 100 | 1 | _aPowell, Leonore S. | |
| 245 | 1 | 0 |
_aEnfermedad de Alzheimer : _buna guía para la familia / _cLeonore S. Powell y Katie Courtice ; tr. José Ignacio Rodríguez y Martínez. |
| 260 |
_aMéxico : _bPax-México, _cc1988. |
||
| 300 | _a302 p. | ||
| 534 |
_pTraducción de: _tAlzheimer's disease : a guide for families |
||
| 650 | 2 |
_aAlzheimer, Enfermedad de _92739 |
|
| 650 | 4 |
_aALZHEIMER, ENFERMEDAD DE - _xPACIENTES - _xRELACIONES FAMILIARES _911705 |
|
| 700 | 1 |
_aCourtice, Katie, _ecoaut. |
|
| 905 | _aLibro | ||
| 999 |
_c91004 _d91004 |
||